Study on growing pigs by using ensiled waethyacinth performance for supplementation in kean svay district, សិក្សាលើការលូតលាស់របស់ជ្រូកសាច់ដោយប្រើប្រាស់កំប្លោកផ្អាប់ជាចំណីបន្ថែមលើចំណីគ្រឹះនៅស្រុកគៀនស្វាយ (Record no. 2041)

000 -LEADER
fixed length control field 00751nam a22001577a 4500
003 - CONTROL NUMBER IDENTIFIER
control field OSt
005 - DATE AND TIME OF LATEST TRANSACTION
control field 20151006142258.0
008 - FIXED-LENGTH DATA ELEMENTS--GENERAL INFORMATION
fixed length control field 151006b xxu||||| |||| 00| 0 eng d
040 ## - CATALOGING SOURCE
Transcribing agency RUA
082 ## - DEWEY DECIMAL CLASSIFICATION NUMBER
Classification number AVM KHO 2006 B076 Or.1
100 ## - MAIN ENTRY--PERSONAL NAME
9 (RLIN) 2168
Personal name KHONG, CHOU.
245 ## - TITLE STATEMENT
Title Study on growing pigs by using ensiled waethyacinth performance for supplementation in kean svay district, សិក្សាលើការលូតលាស់របស់ជ្រូកសាច់ដោយប្រើប្រាស់កំប្លោកផ្អាប់ជាចំណីបន្ថែមលើចំណីគ្រឹះនៅស្រុកគៀនស្វាយ
260 ## - PUBLICATION, DISTRIBUTION, ETC. (IMPRINT)
Place of publication, distribution, etc. Phnom Penh
Name of publisher, distributor, etc. RUA
Date of publication, distribution, etc. 2006
300 ## - PHYSICAL DESCRIPTION
Extent 41p.
Other physical details ill.
Dimensions 29cm.
942 ## - ADDED ENTRY ELEMENTS (KOHA)
Source of classification or shelving scheme
Koha item type AVM
Holdings
Price effective from Date last seen Permanent Location Not for loan Date acquired Source of classification or shelving scheme Koha item type Lost status Withdrawn status Date last checked out Total Checkouts Shelving location Damaged status Barcode Current Location Full call number
2015-10-062025-01-23Library Block B 2015-10-06 AVM  2025-01-031B076 RUA008610Library Block BAVM KHO 2006 B076 Or.1
2015-10-062022-01-11Library Block B 2015-10-06 AVM  2022-01-031B076 RUA007940Library Block BAVM KHO 2006 B076 Or.2
2015-10-062015-10-06Library Block B 2015-10-06 AVM    B076 RUA008855Library Block BAVM KHO 2006 B076 Or.3
2015-10-062025-07-14Library Block B 2015-10-06 AVM  2025-06-203B076 RUA008873Library Block DAVM KHO 2006 B076 Or.4
មជ្ឈមណ្ឌលឯការនៃសាកលវិទ្យាល័យភូមិន្ទកសិកម្មចំការដូង

Powered by Koha